My little Pony A-Z - Statistics

General Stats
  • This quiz has been taken 210 times
  • The average score is 18 of 26
Answer Stats
Hint Answer % Correct
A The_________family Apple
99%
R She is Fast and Loyal Rainbow Dash
88%
P The laughing one PinkiePie
87%
G Trixy turned Rarity's hair color Green
85%
E The main setting Equestria
82%
K Type in K K
82%
V Hearts and Hooves day Is the pony's version of Valentines
81%
B Applebloom's Cousin Babs Seed
80%
X Type in X X
80%
O Rarity's Cat Opal
78%
M PinkiePie's Sister (The one that has a pet rock) Maud Pie
77%
C Princess of Love Cadance
74%
Q Fluttershy speaks Quiet
74%
U On Rainbow Dash's Hair, The Red is on top while the purple is Under
73%
S If you fly down really fast, you might create a Sonic Rainboom
71%
Z Sometimes knows more than Twilight Zecora
68%
F They are all Friends
66%
D Kidnapped Rarity for gems Diamond Dogs
64%
N Halloween in pony version Nightmare Night
63%
J Donut____made the Donut city Joe
58%
L Los Vegas In pony version Los Pegasus
54%
I The type of PinkiePie's dad's rock Igneous
49%
W when Applejack and Rainbow Dash were racing, Twilight Won
49%
Y Applebloom is Yellow
40%
H Fluttershy's bear Harry
38%
T The Purple smoke thingy Tantipus
2%
No matching quizzes found
Score Distribution
Percent of People with Each Score
Percentile by Number Answered
Your Score History
You have not taken this quiz